1565 1589 1641 1193 1519 1255 1526 1236 1595 1207 1053 1085 1688 1422 1550 1680 1461 1236 1360 1371 1402 1527 1086 1507 1559 1318 1301 1206 1318 1354 1084 1984 1303 1648 1649 1543 1645 1980 1833 1412 1200 1004 1134 1489 1839 1321 1878 1470 1525 1846 1136 1225 1457 1513 1692 1682 1656 1393 1898 1242 1726 1661 1868 1785 1248 1566 1017 1166 1997 1766 1605 1580 1134 1050 1855 1769 1856 1183 1559 1115 1597 1192 1472 1090 1038 1156 1303 1905 1708 1469 1247 1142 1667 1826 1292 1033 1622 1505 1584 BCNSPRNW ULIB Ver.6.0+V

เปลี่ยนเป็นภาษาไทย

Change to English
 แสดงรายละเอียดบรรณานุกรม
  กลับหน้าหลัก

Brief Record : Get Marc (ISO 2709) : E-mail record : QR code < ปิดหน้าต่าง
LEADER : 00000nam 2200000uu 4500
001    13399111739
003     ULIB
008    110707s2549||||th 000 0 tha d
020    9789747551495
020    9747551497
050  4 DS570.4^bส243ม 2549
100 0  นราธิวาสราชนครินทร์,^cสมเด็จฯ เจ้าฟ้า กรมหลวง,^d2466-2551
245 10 แม่เล่าให้ฟัง :^bพระราชประวัติสมเด็จพระศรีนครินทราบรมราชชนนี พ.ศ. 2443-2481 /^cพระนิพนธ์ สมเด็จพระเจ้าพี่นางเธอ เจ้าฟ้ากัลยาณิวัฒนา กรมหลวงนราธิวาสราชนครินทร์
250    พิมพ์ครั้งที่ 11
260    กรุงเทพฯ :^bซิลค์เวอร์ม,^b2549
300    (8), 286 หน้า :^bภาพประกอบ ;^c18 ชม.
600 07 ศรีนครินทราบรมราชชนนี,^cสมเด็จพระ,^d2443-2538
650  4 ชีวประวัติ
945    ^p200^l0^i023320
995    ทศพร
999 ^a ใช้งานได้ทุกระบบ
รายการนี้ยังไม่มีแท็ก
คุณยังไม่ได้ล็อกอิน คุณสามารถมีกิจกรรมร่วมกับเว็บไซต์ได้ แต่ต้องล็อกอินก่อน ::
  ล็อกอิน

รายการสื่อสารสนเทศ

ลำดับที่ ประเภท เลขเรียก/บาร์โค้ด สถานที่ สถานะ
- ไม่พบข้อมูล -

รายการใกล้เคียง
    หัวเรื่อง [ชีวประวัติ]

BibComment


ยังไม่เคยถูกคอมเมนท์

คอมเมนท์ทรัพยากรรายการนี้
  คอมเมนท์: แม่เล่าให้ฟัง พร..


 Copyright 2026. Bcnsprnw @Library